| 000 | 00735nam a2200229 a 4500 | ||
|---|---|---|---|
| 003 | OSt | ||
| 005 | 20260515062531.0 | ||
| 008 | 151204s2015 sp o a 001 0bcat|d | ||
| 017 | _aDL B.26580-2015 | ||
| 020 | _a9788498093421 | ||
| 040 |
_bcat _cCDMR |
||
| 100 | 1 |
_aMontanyà, Xavier, _d1961- |
|
| 245 | 1 | 3 |
_aEl Cas Vinader _b: el periodisme contra la guerra bruta _cXavier Montanyà |
| 260 |
_aBarcelona : _bPòrtic, _c2015 |
||
| 300 |
_a247 p. : _bil. ; _c21 cm |
||
| 504 | _aBibliografia. Índex | ||
| 600 | 1 | 0 |
_aVinader i Sánchez, Xavier _92970 |
| 650 | 0 | 0 |
_aPeriodisme d'investigació _2lemac _93353 |
| 650 | 0 |
_aPersecucions polítiques _zEspanya _2lemac _93170 |
|
| 650 | 7 |
_aTerrorisme d'estat _zEspanya _2lemac |
|
| 942 |
_2udc _cMON |
||
| 999 |
_c6905 _d6905 |
||